Expropiación de empresas y fondos de comercio (Registro nro. 1337)

Detalles MARC
000 -LEADER
fixed length control field 00785 a2200193 4500
001 - CONTROL NUMBER
control field 25230
005 - DATE AND TIME OF LATEST TRANSACTION
control field 20260407155536.0
008 - FIXED-LENGTH DATA ELEMENTS--GENERAL INFORMATION
fixed length control field 260407a1977 arg spa d
003 - CONTROL NUMBER IDENTIFIER
control field AR-UNSa-BCEJYS
040 ## - CATALOGING SOURCE
Original cataloging agency AR-UNSa-BCEJYS
Language of cataloging spa
Transcribing agency AR-UNSa-BCEJYS
080 ## - UNIVERSAL DECIMAL CLASSIFICATION NUMBER
Universal Decimal Classification number 347.71
Common auxiliary subdivision Transacciones comerciales. La persona en el comercio (fondo de comercio)
100 1# - MAIN ENTRY--PERSONAL NAME
Personal name Ferro, Héctor Raúl
245 10 - TITLE STATEMENT
Title Expropiación de empresas y fondos de comercio
264 #1 - PRODUCTION, PUBLICATION, DISTRIBUTION, MANUFACTURE, AND COPYRIGHT NOTICE
Place of production, publication, distribution, manufacture Buenos Aires :
Name of producer, publisher, distributor, manufacturer Astrea
Date of production, publication, distribution, manufacture, or copyright notice 1977
300 ## - PHYSICAL DESCRIPTION
Extent 139 p.
Dimensions 20 cm.
505 ## - FORMATTED CONTENTS NOTE
Formatted contents note 1. Empresaa. Fondo de comercio. Sociedad - 2. Formas y modods expropiatorios practicados - 3. La actitud del expropiante - 4. Nuestra posición respecto de la actitud del estado - 5. Conclusiones.
590 ## - LOCAL NOTE (RLIN)
Local note niveau_biblio:m niveau_hierar:0
942 ## - ADDED ENTRY ELEMENTS (KOHA)
Koha item type
Existencias
Withdrawn status Lost status Damaged status Not for loan Home library Current library Shelving location Date acquired Total checkouts Full call number Barcode Date last seen Price effective from Koha item type
        Biblioteca Prof. Eusebio Cleto del Rey Biblioteca Prof. Eusebio Cleto del Rey   07/04/2026   347.71 F395 L45397 07/04/2026 07/04/2026 Libro